The repurposed library : (Record no. 490)

MARC details
000 -LEADER
fixed length control field 00920cam a2200253 a 4500
005 - DATE AND TIME OF LATEST TRANSACTION
control field 20260322212022.0
008 - FIXED-LENGTH DATA ELEMENTS--GENERAL INFORMATION
fixed length control field data
010 ## - LIBRARY OF CONGRESS CONTROL NUMBER
LC control number 2010020797
020 ## - INTERNATIONAL STANDARD BOOK NUMBER
International Standard Book Number 9781584799092 (alk. paper)
040 ## - CATALOGING SOURCE
Original cataloging agency DLC
Transcribing agency DLC
Modifying agency DLC
050 00 - LIBRARY OF CONGRESS CALL NUMBER
Classification number TT896.3
Item number .O255 2011
082 00 - DEWEY DECIMAL CLASSIFICATION NUMBER
Classification number 745.5
Edition information 22
092 ## - LOCALLY ASSIGNED DEWEY CALL NUMBER (OCLC)
Classification number 745.5 Occ 2011
001 - CONTROL NUMBER
control field data
100 1# - MAIN ENTRY--PERSONAL NAME
Personal name Occhipinti, Lisa.
245 14 - TITLE STATEMENT
Title The repurposed library :
Remainder of title 33 craft projects that give old books new life /
Statement of responsibility, etc. Lisa Occhipinti.
260 ## - PUBLICATION, DISTRIBUTION, ETC.
Place of publication, distribution, etc. New York :
Name of publisher, distributor, etc. Stewart, Tabori & Chang,
Date of publication, distribution, etc. 2011.
300 ## - PHYSICAL DESCRIPTION
Extent 144 p. :
Other physical details col. ill. ;
Dimensions 26 cm.
500 ## - GENERAL NOTE
General note "A Melanie Falick book."
650 #0 - SUBJECT ADDED ENTRY--TOPICAL TERM
Topical term or geographic name entry element Altered books.
906 ## - LOCAL DATA ELEMENT F, LDF (RLIN)
a 7
b cbc
c orignew
d 1
e ecip
f 20
g y-gencatlg
925 0# -
-- acquire
-- 2 shelf copies
-- policy default
955 ## - COPY-LEVEL INFORMATION (RLIN)
-- rd13 2010-05-21
-- rg06 2011-05-06 to CALM
-- rg06 2011-07-08 copy 2-3 to CALM
Holdings
Withdrawn status Lost status Damaged status Not for loan Home library Current library Shelving location Date acquired Total checkouts Full call number Barcode Date last seen Price effective from Koha item type
        Fairfield Fairfield General stacks 22/03/2026   745.5 22 BC0010501 22/03/2026 22/03/2026 Books